| 000 | 00840nam a22002537a 4500 | ||
|---|---|---|---|
| 005 | 20250131171226.0 | ||
| 008 | 250131b |||||||| |||| 00| 0 eng d | ||
| 020 | _a978-0-367-85793-6 (pbk) | ||
| 037 | _cTB | ||
| 040 |
_aCRL _cCRL |
||
| 041 |
_2eng _aeng |
||
| 084 |
_aY15z7 R4 _qCRL |
||
| 100 |
_aTong, Rosemarie _9734929 |
||
| 245 |
_aFeminist thought: _bA more comprehensive introduction |
||
| 250 | _a6th Ed. | ||
| 260 |
_aNew York, USA: _bRoutledge, _c2024 |
||
| 300 | _aix, 527p. | ||
| 365 |
_b35.99 _cUKP |
||
| 650 |
_aSociology _9734930 |
||
| 650 |
_aFeminism _9734931 |
||
| 700 |
_aBotts, Tina Fernandes (Author) _9734932 |
||
| 942 |
_2CC _cTB _e6th Ed. _hY15z7 R4 _n0 |
||
| 999 |
_c1238333 _d1238333 |
||